Cuarto año básico: programas de estudio, nivel básico 2

Gardado en:
Detalles Bibliográficos
Autor Corporativo: Ministerio de Educación (Author)
Formato: Libro
Idioma:Lingua castelá
Publicado: Santiago Mineduc 2003
Series:Educación Básica, 4
Subjects:
Tags: Engadir etiqueta
Sen Etiquetas, Sexa o primeiro en etiquetar este rexistro!

MARC

LEADER 00000nam a2200000 a 4500
001 UCL0871
003 CL-VaPUC
005 20231110123917.0
008 030825e20030000CL |||||||||||||||||spa|d
999 |c 304597  |d 304595 
020 |a 9562920690 
040 |c Pontificia Universidad Católica de Valparaíso 
082 0 4 |a 372 MIN 2003  |2 21 
110 2 |a Ministerio de Educación  |e author  |9 477599 
245 1 0 |a Cuarto año básico: programas de estudio, nivel básico 2 
260 |a Santiago  |b Mineduc  |c 2003 
300 |a 476 p 
490 0 |a Educación Básica, 4 
583 |a last modification  |c 20140410 05:42:22  |k Rodrigo Vera 
650 0 |a Educación básica   |9 224933 
650 0 |a Planificación del currículo  |9 269599 
650 0 |a Programas de estudio  |2 CL-VaPUC  |9 336673 
942 |c BK  |2 ddc 
945 |d 20030825 00:00:00  |a cmena 
952 |0 0  |1 0  |4 0  |6 372_000000000000000_MIN_2003  |7 0  |8 R  |9 367061  |a BIBEDU  |b BIBEDU  |d 2019-11-21  |i 3932974  |o 372 MIN 2003  |p 3932974  |r 2019-11-21  |w 2019-11-21  |y BK_R  |k EPE 
952 |0 0  |1 0  |4 0  |6 372_000000000000000_MIN_2003  |7 0  |8 R  |9 367062  |a BIBEDU  |b BIBEDU  |d 2019-11-21  |i 3931781  |o 372 MIN 2003  |p 3931781  |r 2019-11-21  |w 2019-11-21  |y BK_R  |k EPE 
952 |0 0  |1 0  |4 0  |6 372_000000000000000_MIN_2003  |7 0  |8 R  |9 367063  |a BIBEDU  |b BIBEDU  |d 2019-11-21  |i 3970892  |o 372 MIN 2003  |p 3970892  |r 2019-11-21  |w 2019-11-21  |y BK_R  |k EBA 
952 |0 0  |1 0  |4 0  |6 372_000000000000000_MIN_2003  |7 0  |8 R  |9 367064  |a BIBEDU  |b BIBEDU  |d 2019-11-21  |i 3970906  |o 372 MIN 2003  |p 3970906  |r 2019-11-21  |w 2019-11-21  |y BK_R  |k EBA 
952 |0 0  |1 0  |4 0  |6 372_000000000000000_MIN_2003  |7 0  |8 R  |9 367065  |a BIBEDU  |b BIBEDU  |d 2019-11-21  |i 4050487  |o 372 MIN 2003  |p 4050487  |r 2019-11-21  |w 2019-11-21  |y BK_R  |k EBA 
952 |0 0  |1 0  |4 0  |6 372_000000000000000_MIN_2003  |7 0  |8 A  |9 367066  |a BIBEDU  |b BIBEDU  |d 2019-11-21  |i 4115775  |o 372 MIN 2003  |p 4115775  |r 2023-01-12  |w 2019-11-21  |y BK  |k MUS 
952 |0 0  |1 0  |4 0  |6 372_000000000000000_MIN_2003  |7 0  |8 A  |9 367067  |a BIBEDU  |b BIBEDU  |d 2019-11-21  |i 4115783  |o 372 MIN 2003  |p 4115783  |r 2023-01-12  |w 2019-11-21  |y BK  |k MUS 
952 |0 0  |1 0  |4 0  |6 372_000000000000000_MIN_2003  |7 0  |8 A  |9 367068  |a BIBEDU  |b BIBEDU  |d 2019-11-21  |i 4115791  |o 372 MIN 2003  |p 4115791  |r 2023-01-12  |w 2019-11-21  |y BK  |k MUS 
952 |0 0  |1 0  |4 0  |6 372_000000000000000_MIN_2003  |7 0  |8 R  |9 367069  |a BIBEDU  |b BIBEDU  |d 2019-11-21  |i 4160029  |o 372 MIN 2003  |p 4160029  |r 2019-11-21  |w 2019-11-21  |y BK_R  |k EBA 
952 |0 0  |1 0  |4 0  |6 372_000000000000000_MIN_2003  |7 0  |8 R  |9 367070  |a BIBEDU  |b BIBEDU  |d 2019-11-21  |i 4277414  |o 372 MIN 2003  |p 4277414  |r 2019-11-21  |w 2019-11-21  |y BK_R  |k EBA 
952 |0 0  |1 0  |4 0  |6 372_000000000000000_MIN_2003  |7 0  |8 R  |9 367071  |a BIBEDU  |b BIBEDU  |d 2019-11-21  |i 4523369  |o 372 MIN 2003  |p 4523369  |r 2019-11-21  |w 2019-11-21  |y BK_R  |k EBA 
952 |0 0  |1 0  |4 0  |6 372_000000000000000_MIN_2003  |7 0  |8 R  |9 367072  |a BIBEDU  |b BIBEDU  |d 2019-11-21  |i 4523377  |o 372 MIN 2003  |p 4523377  |r 2019-11-21  |w 2019-11-21  |y BK_R  |k EBA 
952 |0 0  |1 0  |4 0  |6 372_000000000000000_MIN_2003  |7 0  |8 A  |9 367073  |a BIBEDU  |b BIBEDU  |d 2019-11-21  |i 4703278  |o 372 MIN 2003  |p 4703278  |r 2023-01-12  |w 2019-11-21  |y BK  |k MUS